Turkic Countries Map Quiz - Statistics

General Stats
  • This quiz has been taken 189 times
  • The average score is 6 of 6
Answers on the Map
Answers color-coded by a green-red scale on the quiz's map according to % correct below.
 
Answer Stats
Answer % Correct
Turkey
99%
Azerbaijan
96%
Kazakhstan
96%
Kyrgyzstan
95%
Uzbekistan
94%
Turkmenistan
93%
No matching quizzes found
Score Distribution
Percent of People with Each Score
Percentile by Number Answered
Your Score History
You have not taken this quiz